Walter Benjamín: historia de una amistad

Wedi'i Gadw mewn:
Manylion Llyfryddiaeth
Prif Awdur: Scholem, Gershom G (Awdur)
Fformat: Llyfr
Iaith:Sbaeneg
Cyhoeddwyd: Barcelona Peninsula 1987
Cyfres:Historia, ciencia, sociedad, 202
Pynciau:
Tagiau: Ychwanegu Tag
Dim Tagiau, Byddwch y cyntaf i dagio'r cofnod hwn!

MARC

LEADER 00000nam a2200000 a 4500
001 UCX8770
003 CL-VaPUC
008 940426e19870000SP |||||||||||||||||spa|d
082 0 4 |a 920.043  |b SCH  |2 21 
100 0 |a Scholem, Gershom G  |e author  |9 325966 
245 1 0 |a Walter Benjamín: historia de una amistad 
300 |a 238 p 
942 |c BK 
945 |d 19940426 00:00:00  |a oaravena 
260 |a Barcelona  |b Peninsula  |c 1987 
600 0 |a Benjamin, Walter  |d 1892-1940  |9 269121 
583 |a last modification  |c 19940426 00:00:00  |k Rodrigo Vera 
490 0 |a Historia, ciencia, sociedad, 202 
999 |c 228174  |d 228172 
952 |0 0  |1 0  |4 0  |6 920_043000000000000_SCH_1987  |7 0  |8 A  |9 227935  |a BIBART  |b BIBART  |d 2019-11-15  |i 2974215  |o 920.043 SCH 1987  |p 2974215  |r 2025-03-13  |w 2019-11-15  |y BK  |k ART